Slovník slovenského jazyka I. diel, a-k

Podrobná bibliografia
Médium: Kniha
Jazyk:slovenčina
Fyzický popis:XVI, 815 strán 24 cm
Vydavateľské údaje: Bratislava Vydavateľstvo Slovenskej akadémie vied 1959
Predmet:

MARC

LEADER 00000cam a2200000 a 4500
001 vtls001262963
003 SK-MaSNL
005 20260301225423.0
008 240226s1959 xo grd 000 0 slo
015 |a SNBA1959 
020 |q (viazané) 
035 |a SNK000213858 
035 |a urn:nbn:sk:snk-am3itye 
035 |a F715FA33-A446-4CF5-A595-54F70AB19FD4 
035 |a urn:nbn:sk:snk-am00fj80 
040 |a SNK  |b slo  |c SNK  |e AACR2 
041 0 |a slo 
044 |a xo  |c SK 
080 |a 811.162.4  |2 2011 
080 |a 81'374.2  |2 2011 
080 |a (038.072)  |2 2011 
245 0 0 |a Slovník slovenského jazyka  |n I. diel, a-k  |c vedecký redaktor Štefan Peciar 
260 |a Bratislava  |b Vydavateľstvo Slovenskej akadémie vied  |c 1959 
300 |a XVI, 815 strán  |c 24 cm 
366 |e 20300 kusov 
504 |a Zoznam citovaných autorov 
650 0 7 |a slovenčina  |2 SNKPH  |9 1350 
655 7 |a výkladové slovníky  |2 SNKPH  |9 69007 
700 1 |a Peciar, Štefan,  |d 1912-1989  |4 red  |9 101102 
958 |a OND 
958 |a SV 
999 |c 950815  |d 952745 
952 |a SNK  |b SNK  |y VYP  |7 0  |p 17A0761830  |o snkSC 13893/1 D14  |i snkK 3999/66  |8 3  |3 Vrátené z príručnej knižnice  |0 0  |1 0  |4 0  |d 2012-01-11  |l 0  |r 2026-02-24 09:47:32  |w 2026-02-24 
952 |a SNK  |b SNK  |y VYP  |7 0  |p 17A0012855  |o snkSC 13893/1 D3  |i snkKSK 117/60  |8 3  |0 0  |1 0  |4 0  |d 1996-10-08  |l 0  |r 2005-01-01 00:00:00  |w 2026-02-24 
952 |a SNK  |b SNK  |y VYP  |7 0  |p 17A0032290  |o snkSC 13893/1 D4  |i snkKSK 118/60  |8 3  |0 0  |1 0  |4 0  |d 1997-01-20  |l 0  |r 2005-01-01 00:00:00  |w 2026-02-24 
952 |a SNK  |b SNK  |y VYP  |7 0  |p 17A0180441  |o snkSC 13893/1 D11  |i snkKSK 292/60  |8 3  |0 0  |1 0  |4 0  |d 1999-02-08  |l 0  |r 2005-01-01 00:00:00  |w 2026-02-24 
952 |a SNK  |b SNK  |y PREZ  |7 0  |p 17A0844745  |o snkSC 13893/1  |i snkKSP 4519/59  |8 0  |0 0  |1 0  |4 0  |d 2020-03-02  |f 1  |l 0  |r 2025-07-16 00:00:00  |w 2026-02-24 
952 |t snkSLO/1 808.54(031)  |a SNKUST  |b SNKUST  |y PREZ  |7 0  |p 17A0016473  |o snkSC 13893/1 D18   |i snkK 4505/72  |0 0  |1 0  |4 0  |d 1996-11-04  |l 0  |r 2025-05-28 00:00:00  |w 2026-02-24 
952 |a SNKLA  |b SNKLA  |c SNKLA_ST  |y PREZ  |7 0  |p 17A0017925  |o snkSC 13893/1 D1  |i snkKSP 4520/59  |3 Vrátené z príručnej knižnice.  |0 0  |1 0  |4 0  |d 1996-11-06  |l 0  |r 2005-01-01 00:00:00  |w 2026-02-24